| 000 | 00433nam a2200157Ia 4500 | ||
|---|---|---|---|
| 008 | 160316s1990 xxu||||| |||| 00| 0 eng d | ||
| 082 |
_a334.000000 _bRED |
||
| 100 | _aReddy T Subbi | ||
| 245 | _aEssays on Consumer co-operatives | ||
| 250 | _a | ||
| 260 |
_aNew Delhi _bDeep & Deep Publications Pvt. Ltd. _c1990 |
||
| 300 |
_a188p _b _c |
||
| 365 | _b | ||
| 650 | _a1. Co-operatives 2. Consumer Co-operatives | ||
| 700 |
_aHampanna M _a |
||
| 999 |
_c3176 _d3176 |
||